| Tag |
First Indicator |
Second Indicator |
Subfields |
| LEADER |
00000cam a2200000Ii 4500 |
| 001 |
in00003838113 |
| 005 |
20170926114009.0 |
| 008 |
160218t20172017enka b 001 0 eng d |
| 020 |
|
|
|a 1474271960
|
| 020 |
|
|
|a 9781474271967
|q (paperback)
|
| 020 |
|
|
|a 9781474271974
|q (hardback)
|
| 020 |
|
|
|a 1474271979
|
| 020 |
|
|
|z 9781474271998
|q (ePDF)
|
| 020 |
|
|
|z 9781474271981
|q (ePub)
|
| 035 |
|
|
|a (OCoLC)ocn940281280
|
| 040 |
|
|
|a YDXCP
|e rda
|c YDXCP
|d BDX
|d BWK
|d YDX
|d CDX
|d NYP
|d UtOrBLW
|
| 049 |
|
|
|a TXAM
|
| 050 |
|
4 |
|a PN45
|b .L513158 2017
|
| 082 |
0 |
|
|a 801
|2 23
|
| 245 |
0 |
0 |
|a Literature :
|b an introduction to theory and analysis /
|c edited by Mads Rosendahl Thomsen, Lasse Horne Kjældgaard, Lis Møller, Dan Ringgaard, Lilan Munk Rösing, and Peter Simonsen.
|
| 264 |
|
1 |
|a London ; New York :
|b Bloomsbury Academic, an imprint of Bloomsbury Publishing Inc,
|c [2017]
|
| 264 |
|
4 |
|c ©2017
|
| 300 |
|
|
|a ix, 454 pages :
|b illustrations ;
|c 25 cm.
|
| 336 |
|
|
|a text
|b txt
|2 rdacontent
|
| 336 |
|
|
|a still image
|b sti
|2 rdacontent
|
| 337 |
|
|
|a unmediated
|b n
|2 rdamedia
|
| 338 |
|
|
|a volume
|b nc
|2 rdacarrier
|
| 504 |
|
|
|a Includes bibliographical references and index.
|
| 650 |
|
0 |
|a Literature
|x Philosophy.
|0 http://id.loc.gov/authorities/subjects/sh85077524
|
| 700 |
1 |
|
|a Thomsen, Mads Rosendahl,
|d 1972-
|e editor.
|0 http://id.loc.gov/authorities/names/no2004085264
|
| 700 |
1 |
|
|a Kjældgaard, Lasse Horne,
|e editor.
|0 http://id.loc.gov/authorities/names/n2002049190
|
| 700 |
1 |
|
|a Møller, Lis,
|e editor.
|0 http://id.loc.gov/authorities/names/n80159339
|
| 700 |
1 |
|
|a Ringgaard, Dan,
|e editor.
|0 http://id.loc.gov/authorities/names/n95074481
|
| 700 |
1 |
|
|a Rösing, Lilan Munk,
|d 1967-
|e editor.
|
| 700 |
1 |
|
|a Simonsen, Peter,
|e editor.
|0 http://id.loc.gov/authorities/names/n2007042322
|
| 945 |
|
|
|b 47327
|
| 947 |
|
|
|a A14850058661
|
| 948 |
|
|
|a cataloged
|b h
|c 2017/4/7
|d c
|e dmitchel
|f 1:44:28 pm
|
| 994 |
|
|
|a 92
|b TXA
|
| 999 |
f |
f |
|s 9e303844-986a-33b7-8c1f-8db6abe447e4
|i 6ea54f94-f631-36e0-9df1-fb4ef5c9c66a
|t 0
|
| 952 |
f |
f |
|p normal
|a Texas A&M University
|b College Station
|c Sterling C. Evans Library
|d Evans: Library Stacks
|t 0
|e PN45 .L513158 2017
|h Library of Congress classification
|i unmediated -- volume
|m A14850058661
|
| 998 |
f |
f |
|a PN45 .L513158 2017
|t 0
|l Evans: Library Stacks
|